书目信息 |
| 题名: |
朱生豪情书
|
|
| 作者: | 朱生豪 著 ;朱尚刚 整理 | |
| 分册: | ||
| 出版信息: | 上海 上海社会科学院出版社 2003 |
|
| 页数: | 346页 | |
| 开本: | 20cm | |
| 丛书名: | ||
| 单 册: | ||
| 中图分类: | I266.5 | |
| 科图分类: | ||
| 主题词: | 爱情--书信集--中国--现代 | |
| 电子资源: | ||
| ISBN: | 7-80681-195-8 | |
| 000 | 00935nam0 2200265 450 | |
| 000 | 00982nam0 2200289 450 | |
| 000 | 00928nam0 2200265 450 | |
| 000 | 00859nam0 2200241 450 | |
| 000 | 00822nam0 2200229 45 | |
| 005 | 20070529161142.29 | |
| 010 | @a7-80681-195-8@dCNY22.00 | |
| 100 | @a20051110d2003 ekmy0chiy0120 ea | |
| 101 | 0 | @achi |
| 102 | @aCN@b310000 | |
| 105 | @aa z 000cy | |
| 200 | 1 | @a朱生豪情书@AZhu Sheng Hao Qing Shu@f朱生豪著@FZhu Sheng Hao Zhu@g朱尚刚整理 |
| 210 | @a上海@c上海社会科学院出版社@d2003 | |
| 215 | @a346页@c照片@d20cm | |
| 330 | @a本书将全部书信分成1933年到1934年、1935年暑期以前、1935年暑期以后、1936年暑期以前、1936年暑期以后到1937年五部分,以及附录“1943年春一封未寄出的信”。 | |
| 606 | 0 | @a爱情@x书信集@y中国@z现代 |
| 690 | @aI266.5@v4 | |
| 701 | 0 | @a朱生豪@AZhu Sheng Hao@4著 |
| 702 | 0 | @a朱尚刚@AZhu Shang Gang@4整理 |
| 801 | 0 | @aCN@bFYSX@c20070529 |
| 905 | @a10447@dI266.5@e1236 | |
| 朱生豪情书/朱生豪著/朱尚刚整理.-上海:上海社会科学院出版社,2003 |
| 346页:照片;20cm |
| ISBN 7-80681-195-8:CNY22.00 |
| 本书将全部书信分成1933年到1934年、1935年暑期以前、1935年暑期以后、1936年暑期以前、1936年暑期以后到1937年五部分,以及附录“1943年春一封未寄出的信”。 |
| ● |
| 相关链接 |
|
|
|
|
正题名:朱生豪情书
索取号:I266.5/1236
 
预约/预借
| 序号 | 登录号 | 条形码 | 馆藏地/架位号 | 状态 | 备注 |
| 1 | 0510565 | 205105651 | 第一样本阅览室/ [索取号:I266.5/1236] | 在馆 | |
| 2 | 0510566 | 205105660 | 第二借阅区/ [索取号:I266.5/1236] | 在馆 | |
| 3 | 0510567 | 205105679 | 第二借阅区/ [索取号:I266.5/1236] | 在馆 | |
| 4 | 0510568 | 205105688 | 第二借阅区/ [索取号:I266.5/1236] | 在馆 | |
| 5 | 0510569 | 205105697 | 第二借阅区/ [索取号:I266.5/1236] | 在馆 | |
| 6 | 0510570 | 205105704 | 第二借阅区/ [索取号:I266.5/1236] | 在馆 | |
| 7 | 0510571 | 205105713 | 第二借阅区/ [索取号:I266.5/1236] | 在馆 | |
| 8 | 0510572 | 205105722 | 第二借阅区/ [索取号:I266.5/1236] | 在馆 |